[Event "Winnipeg op"]
[Site "Winnipeg CAN"]
[Date "2014.06.10"]
[Round "2.8"]
[White "Czarny, Keith"]
[Black "Korenbaum, Max"]
[Result "1-0"]
[WhiteElo "1727"]
[BlackElo "1333"]
[PlyCount "73"]
[EventDate "2014.06.03"]
[EventType "swiss"]
[EventRounds "5"]
[EventCountry "CAN"]

1. Nf3 Nc6 2. c4 e5 3. Nc3 Nf6 4. d3 Bb4 5. Bd2 d5 6. cxd5 Nxd5 7. Nxd5 Qxd5 8.
g3 b6 9. Bg2 Bb7 10. Bxb4 Nxb4 11. O-O Nc6 12. b3 O-O-O 13. Ng5 Qd7 14. Rc1 Na5
15. e4 f6 16. Bh3 fxg5 17. Bxd7+ Rxd7 18. Qg4 h6 19. Rc2 Kd8 20. Rfc1 Nc6 21.
Rxc6 Bxc6 22. Rxc6 Rxd3 23. Qe2 Rd7 24. Rc2 c5 25. Rd2 Rxd2 26. Qxd2+ Ke7 27.
Qd5 Kf6 28. Qd6+ Kf7 29. Qc7+ Ke6 30. Qxa7 Rd8 31. Qxb6+ Ke7 32. Qxc5+ Ke8 33.
Qxe5+ Kf8 34. b4 Rd2 35. b5 Rxa2 36. b6 Rb2 37. b7 1-0

[Event "Winnipeg op"]
[Site "Winnipeg CAN"]
[Date "2014.06.10"]
[Round "2.8"]
[White "Green, Jim"]
[Black "Ma, Derek"]
[Result "1-0"]
[WhiteElo "1826"]
[BlackElo "1785"]
[PlyCount "53"]
[EventDate "2014.06.03"]
[EventType "swiss"]
[EventRounds "5"]
[EventCountry "CAN"]

1. e4 c5 2. Nf3 d6 3. Bb5+ Nd7 4. O-O Ngf6 5. Re1 a6 6. Bxd7+ Bxd7 7. e5 dxe5
8. Nxe5 e6 9. d3 Be7 10. Nc3 O-O 11. Bg5 Ne8 12. Bxe7 Qxe7 13. Ne4 Bc6 14. Nxc6
bxc6 15. Qf3 Rb8 16. b3 Nc7 17. Qe3 Nd5 18. Qxc5 Qc7 19. Qd6 Qb6 20. a3 Rfd8
21. Qg3 Qd4 22. Rec1 Ne7 23. Qe3 Qd5 24. Qc5 Qd7 25. Qg5 Ng6 26. a4 f6 27. Qg3
1-0

[Event "Winnipeg op"]
[Site "Winnipeg CAN"]
[Date "2014.06.10"]
[Round "2.8"]
[White "Le Dorze, Phil"]
[Black "Jenkins, Mark"]
[Result "1-0"]
[WhiteElo "1810"]
[BlackElo "1485"]
[PlyCount "69"]
[EventDate "2014.06.03"]
[EventType "swiss"]
[EventRounds "5"]
[EventCountry "CAN"]

1. d4 Nf6 2. c4 e6 3. Nc3 b6 4. Nf3 Bb7 5. e3 c5 6. Bd3 d5 7. O-O Nc6 8. Re1
Be7 9. cxd5 Nxd5 10. e4 Ndb4 11. Bb5 Ba6 12. Bxa6 Nxa6 13. Qa4 Nab8 14. d5 Qc7
15. dxc6 Nxc6 16. Nb5 Qb7 17. Bf4 O-O 18. Nd6 Qc7 19. Rad1 Rad8 20. e5 Nxe5 21.
Bxe5 Bxd6 22. Bxd6 Rxd6 23. Rxd6 Qxd6 24. Qxa7 Rd8 25. h3 f6 26. Qb7 e5 27. Qe4
Re8 28. Nh4 g6 29. Re3 Qd4 30. Nf3 Qxb2 31. Qc4+ Kg7 32. Rd3 Qb1+ 33. Kh2 Ra8
34. Rd7+ Kh6 35. Qh4# 1-0

[Event "Winnipeg op"]
[Site "Winnipeg CAN"]
[Date "2014.06.10"]
[Round "2.8"]
[White "Leaden, Bruce"]
[Black "Atem, James"]
[Result "0-1"]
[WhiteElo "1573"]
[BlackElo "1902"]
[PlyCount "80"]
[EventDate "2014.06.03"]
[EventType "swiss"]
[EventRounds "5"]
[EventCountry "CAN"]

1. d4 g6 2. c4 e6 3. Nc3 c6 4. e4 Bg7 5. Be3 Ne7 6. Nf3 O-O 7. Qd2 d5 8. e5 Bd7
9. Bh6 a6 10. a4 b6 11. Bxg7 Kxg7 12. Bd3 c5 13. O-O Nbc6 14. Rac1 cxd4 15. Ne2
Qb8 16. Qg5 Ng8 17. cxd5 exd5 18. Nexd4 Nxd4 19. Nxd4 h6 20. Qe3 Bxa4 21. f4
Re8 22. Rc3 Qb7 23. Rfc1 Rac8 24. f5 Rxc3 25. f6+ Kh7 26. Rxc3 Nxf6 27. Qc1
Rxe5 28. Nf3 Re7 29. h3 Bb5 30. Bxb5 axb5 31. Qf1 Qd7 32. Nd4 Ne4 33. Rc6 b4
34. Rxb6 b3 35. Qd1 Nc5 36. Kh1 Qe8 37. Kh2 Re1 38. Qg4 Qe5+ 39. g3 Re4 40. Nf3
Qxb2+ 0-1

[Event "Winnipeg op"]
[Site "Winnipeg CAN"]
[Date "2014.06.10"]
[Round "2.8"]
[White "Lipnowski, Samuel"]
[Black "Clark, Jeff"]
[Result "1/2-1/2"]
[WhiteElo "2217"]
[BlackElo "1988"]
[PlyCount "29"]
[EventDate "2014.06.03"]
[EventType "swiss"]
[EventRounds "5"]
[EventCountry "CAN"]

1. c4 c5 2. Nf3 Nf6 3. Nc3 Nc6 4. g3 g6 5. Bg2 Bg7 6. O-O O-O 7. d4 cxd4 8.
Nxd4 Qb6 9. Nxc6 dxc6 10. Qb3 Be6 11. Na4 Qa5 12. Qc2 Bf5 13. Qb3 Rad8 14. Nc3
Qa6 15. Qb4 1/2-1/2

[Event "Winnipeg op"]
[Site "Winnipeg CAN"]
[Date "2014.06.10"]
[Round "2.8"]
[White "Roy, Rayan"]
[Black "Remillard, John"]
[Result "1/2-1/2"]
[WhiteElo "1463"]
[BlackElo "1700"]
[PlyCount "56"]
[EventDate "2014.06.03"]
[EventType "swiss"]
[EventRounds "5"]
[EventCountry "CAN"]

1. e4 c5 2. Nf3 a6 3. d4 cxd4 4. Nxd4 Nc6 5. Be3 Nf6 6. Nc3 e5 7. Nf3 Bb4 8.
Bd3 d5 9. exd5 Nxd5 10. Bd2 Nxc3 11. bxc3 Bc5 12. O-O Bg4 13. Re1 O-O 14. h3
Bh5 15. a4 Re8 16. Rb1 Rb8 17. Be3 Bxe3 18. Rxe3 Qa5 19. Ra1 Rbd8 20. Qe2 Kh8
21. Be4 Qc5 22. Rb1 Rb8 23. g4 Bg6 24. Bxc6 Qxc6 25. Nxe5 Qxa4 26. Nxg6+ fxg6
27. Rxe8+ Rxe8 28. Qd3 Qc6 1/2-1/2

[Event "Winnipeg op"]
[Site "Winnipeg CAN"]
[Date "2014.06.10"]
[Round "2.8"]
[White "Rutter, Blair"]
[Black "Andraschko, Felix"]
[Result "1/2-1/2"]
[WhiteElo "1945"]
[BlackElo "2181"]
[PlyCount "42"]
[EventDate "2014.06.03"]
[EventType "swiss"]
[EventRounds "5"]
[EventCountry "CAN"]

1. c4 c5 2. g3 Nc6 3. Bg2 g6 4. Nc3 Bg7 5. e4 Nf6 6. Nge2 O-O 7. O-O Ne8 8. h3
Nc7 9. d3 a6 10. Be3 Ne6 11. f4 d6 12. Qd2 Ned4 13. Rf2 f5 14. Re1 Rb8 15. Kh2
Bd7 16. Ng1 b5 17. Nf3 bxc4 18. dxc4 fxe4 19. Ng5 Qa5 20. Bxe4 Qb4 21. Qd3 e6
1/2-1/2

[Event "Winnipeg op"]
[Site "Winnipeg CAN"]
[Date "2014.06.10"]
[Round "2.8"]
[White "Schulz, Waldemar"]
[Black "Reimer, Bruce"]
[Result "1-0"]
[WhiteElo "2010"]
[BlackElo "1653"]
[PlyCount "117"]
[EventDate "2014.06.03"]
[EventType "swiss"]
[EventRounds "5"]
[EventCountry "CAN"]

1. d4 g6 2. c4 Bg7 3. Nc3 d6 4. e4 e5 5. Be3 Nf6 6. dxe5 dxe5 7. Qxd8+ Kxd8 8.
O-O-O+ Nbd7 9. h3 h5 10. Nf3 Ke7 11. Bd3 c6 12. Rhe1 b6 13. Ng5 Ng8 14. Kc2 f6
15. Nf3 Bh6 16. b4 Bxe3 17. Rxe3 Nh6 18. b5 Bb7 19. Kb2 g5 20. Bc2 Nf7 21. bxc6
Bxc6 22. Nd5+ Bxd5 23. cxd5 Nd6 24. Rc3 Nc5 25. Nd2 Rhc8 26. f3 b5 27. a3 Rab8
28. Rb1 Na4+ 29. Bxa4 bxa4+ 30. Kc2 Rxc3+ 31. Kxc3 Rxb1 32. Nxb1 a5 33. Kd3 Kd7
34. Nc3 Kc7 35. Nxa4 Nb5 36. Kc4 Nxa3+ 37. Kc5 Nc2 38. d6+ Kd8 39. Kd5 Ne3+ 40.
Ke6 Nxg2 41. Kxf6 Nh4 42. Kxe5 Nxf3+ 43. Kf5 Kd7 44. e5 Nxe5 45. Kxe5 g4 46.
hxg4 hxg4 47. Nc5+ Kc8 48. Ke6 a4 49. Ke7 a3 50. d7+ Kc7 51. d8=Q+ Kc6 52. Qa5
a2 53. Qxa2 Kxc5 54. Qg2 g3 55. Qxg3 Kd4 56. Ke6 Kc5 57. Qd3 Kb4 58. Kd5 Ka5
59. Kc5 1-0

[Event "Winnipeg op"]
[Site "Winnipeg CAN"]
[Date "2014.06.10"]
[Round "2.8"]
[White "Wolchock, Theo"]
[Black "Wasserman, Leor"]
[Result "0-1"]
[WhiteElo "1939"]
[BlackElo "2084"]
[PlyCount "88"]
[EventDate "2014.06.03"]
[EventType "swiss"]
[EventRounds "5"]
[EventCountry "CAN"]

1. c4 c5 2. g3 Nc6 3. Bg2 g6 4. Nc3 Bg7 5. Nf3 Nf6 6. O-O O-O 7. d4 cxd4 8.
Nxd4 Qb6 9. e3 a6 10. b3 d6 11. Bb2 Ne5 12. Qc2 Bd7 13. h3 Rac8 14. Qe2 h5 15.
Nd5 Nxd5 16. cxd5 Bb5 17. Nxb5 Qxb5 18. Qxb5 axb5 19. Bd4 Rc2 20. Be4 Rd2 21.
Rfc1 f5 22. Bg2 Nd3 23. Bxg7 Nxc1 24. Bxf8 Ne2+ 25. Kf1 Kxf8 26. Ke1 Rb2 27.
Bf1 Nc3 28. Bd3 b4 29. Bc4 Nxa2 30. Rd1 Nc3 31. Rc1 b5 32. Bf1 Rxb3 33. Kd2
Ne4+ 34. Kc2 Rc3+ 35. Kb2 Rxc1 36. Kxc1 Nxf2 37. Bxb5 Nxh3 38. Kd2 Nf2 39. Ke2
Ne4 40. Kf3 Nc3 41. Bc4 Kf7 42. Kf4 Kf6 43. Bb3 Ne4 44. Bc4 g5+ 0-1

[Event "Winnipeg op"]
[Site "Winnipeg CAN"]
[Date "2014.06.17"]
[Round "3.8"]
[White "Andraschko, Felix"]
[Black "Clark, Jeff"]
[Result "1/2-1/2"]
[WhiteElo "2181"]
[BlackElo "1826"]
[PlyCount "43"]
[EventDate "2014.06.03"]
[EventType "swiss"]
[EventRounds "5"]
[EventCountry "CAN"]

1. d4 Nf6 2. Nf3 g6 3. Nc3 d5 4. Bf4 Bg7 5. e3 O-O 6. Be2 c5 7. Ne5 Nc6 8. O-O
cxd4 9. exd4 Be6 10. Qd2 Rc8 11. Bb5 Na5 12. Be2 a6 13. Bf3 b5 14. Rab1 Qb6 15.
Ne2 Rfd8 16. b3 Bf5 17. Rbc1 Be6 18. c3 Ne4 19. Qe3 Nd6 20. Ng3 Nf5 21. Nxf5
Bxf5 22. Rfe1 1/2-1/2

[Event "Winnipeg op"]
[Site "Winnipeg CAN"]
[Date "2014.06.17"]
[Round "3.8"]
[White "Flynn, Darren"]
[Black "Le Dorze, Phil"]
[Result "0-1"]
[WhiteElo "1443"]
[BlackElo "1810"]
[PlyCount "54"]
[EventDate "2014.06.03"]
[EventType "swiss"]
[EventRounds "5"]
[EventCountry "CAN"]

1. e4 b6 2. d4 Bb7 3. Nc3 e6 4. e5 c5 5. dxc5 Bxc5 6. Be3 Bxe3 7. fxe3 Qg5 8.
Qd2 Qxe5 9. Qd4 Nc6 10. Qxe5 Nxe5 11. O-O-O Nf6 12. Nge2 O-O 13. Rg1 Neg4 14.
h3 Nxe3 15. Rd3 Nfd5 16. Nxd5 Nxd5 17. c4 Rac8 18. b3 Rc7 19. Kb2 Nb4 20. Rd1
d5 21. Nf4 e5 22. Nxd5 Bxd5 23. cxd5 Rc2+ 24. Ka3 a5 25. Ka4 Nxa2 26. Bd3 Nc3+
27. Ka3 Ra2# 0-1

[Event "Winnipeg op"]
[Site "Winnipeg CAN"]
[Date "2014.06.17"]
[Round "3.8"]
[White "Jenkins, Mark"]
[Black "Korenbaum, Max"]
[Result "1-0"]
[WhiteElo "1485"]
[BlackElo "1333"]
[PlyCount "105"]
[EventDate "2014.06.03"]
[EventType "swiss"]
[EventRounds "5"]
[EventCountry "CAN"]

1. d4 Nf6 2. c4 g6 3. Nc3 d5 4. Nf3 Bf5 5. cxd5 Nxd5 6. e4 Nxc3 7. bxc3 Bxe4 8.
Bc4 Bg7 9. Qe2 Bd5 10. O-O O-O 11. Bxd5 Qxd5 12. Qxe7 Qd7 13. Re1 Qxe7 14. Rxe7
Na6 15. Bf4 Rac8 16. Rae1 Bf6 17. Rd7 Rfd8 18. Rxd8+ Rxd8 19. Be5 Bxe5 20. Rxe5
f6 21. Re6 Kf7 22. Re4 Re8 23. Nd2 Rxe4 24. Nxe4 f5 25. Ng5+ Kg8 26. Ne6 Kf7
27. Nd8+ Ke7 28. Nxb7 Ke6 29. c4 Nb4 30. Nc5+ Kd6 31. a4 Nc2 32. Nb7+ Kc6 33.
Na5+ Kb6 34. Nb3 Na3 35. c5+ Kc6 36. Kf1 Kd5 37. Ke2 Nc2 38. Kd3 Ne1+ 39. Kc3
Nxg2 40. Kb4 Kc6 41. Kc4 Nf4 42. Na5+ Kd7 43. Kb5 Kc8 44. Ka6 Kb8 45. Nc6+ Kc8
46. Nxa7+ Kd7 47. Nb5 Nd3 48. Kb7 Nb2 49. a5 Nc4 50. a6 c6 51. Nd6 Nxd6+ 52.
cxd6 Kxd6 53. a7 1-0

[Event "Winnipeg op"]
[Site "Winnipeg CAN"]
[Date "2014.06.17"]
[Round "3.8"]
[White "Kernetsky, Myron"]
[Black "Green, Jim"]
[Result "1-0"]
[WhiteElo "2015"]
[BlackElo "1826"]
[PlyCount "77"]
[EventDate "2014.06.03"]
[EventType "swiss"]
[EventRounds "5"]
[EventCountry "CAN"]

1. d4 d5 2. Nf3 c6 3. e3 Nf6 4. Bd3 g6 5. c4 Bg7 6. Nc3 O-O 7. h3 a6 8. a4 e6
9. O-O Nbd7 10. e4 dxe4 11. Nxe4 Nxe4 12. Bxe4 Qc7 13. Re1 Nf6 14. Bd3 Rd8 15.
Be3 Nd7 16. Qe2 b6 17. Rad1 Bb7 18. Be4 h6 19. Qd2 Kh7 20. Bf4 e5 21. dxe5 Nxe5
22. Qc1 Rxd1 23. Rxd1 Nxf3+ 24. Bxf3 Qe7 25. b3 Rd8 26. Re1 Qd7 27. c5 Re8 28.
Rxe8 Qxe8 29. cxb6 Qe6 30. Qe3 Qd7 31. Be5 f6 32. Bc3 Bc8 33. Qe4 Bb7 34. Qd4
Qxd4 35. Bxd4 f5 36. Bxg7 Kxg7 37. b4 Kf6 38. b5 axb5 39. axb5 1-0

[Event "Winnipeg op"]
[Site "Winnipeg CAN"]
[Date "2014.06.17"]
[Round "3.8"]
[White "Lipnowski, Samuel"]
[Black "Baron, Gustav"]
[Result "1/2-1/2"]
[WhiteElo "2217"]
[BlackElo "1904"]
[PlyCount "30"]
[EventDate "2014.06.03"]
[EventType "swiss"]
[EventRounds "5"]
[EventCountry "CAN"]

1. c4 Nf6 2. Nc3 e6 3. e4 Bb4 4. e5 Bxc3 5. dxc3 Ng8 6. Qg4 Kf8 7. Nf3 d5 8.
Be2 Ne7 9. O-O c6 10. Be3 b6 11. Rad1 Qe8 12. Rfe1 c5 13. b3 Nbc6 14. Qf4 Ba6
15. Bc1 Na5 1/2-1/2

[Event "Winnipeg op"]
[Site "Winnipeg CAN"]
[Date "2014.06.17"]
[Round "3.8"]
[White "Magyar, Peter"]
[Black "Wolchock, Theo"]
[Result "0-1"]
[WhiteElo "1578"]
[BlackElo "1939"]
[PlyCount "118"]
[EventDate "2014.06.03"]
[EventType "swiss"]
[EventRounds "5"]
[EventCountry "CAN"]

1. d4 Nf6 2. c4 e5 3. dxe5 Ng4 4. Nf3 Nc6 5. Bg5 Be7 6. Bf4 Bb4+ 7. Bd2 Bxd2+
8. Nbxd2 Ngxe5 9. e3 O-O 10. Be2 d6 11. O-O Bf5 12. e4 Be6 13. a3 Re8 14. b4
Nxf3+ 15. Nxf3 Bg4 16. b5 Bxf3 17. Bxf3 Ne5 18. Be2 Ng6 19. Bd3 Nf4 20. g3 Nh3+
21. Kg2 Ng5 22. Qc2 Qd7 23. f4 Ne6 24. Qb1 h6 25. Rd1 Qe7 26. Re1 Qf6 27. e5
dxe5 28. Rxe5 Nd4 29. Qe1 Rxe5 30. Qxe5 Qxe5 31. fxe5 Re8 32. Re1 f6 33. Re4
fxe5 34. a4 Kf7 35. c5 Ke6 36. Bc4+ Kf5 37. Bd3 Kf6 38. a5 Nb3 39. b6 Nxc5 40.
Bb5 c6 41. Rc4 cxb5 42. Rxc5 axb6 43. Rxb5 bxa5 44. Rxa5 Ke6 45. Rb5 Re7 46. g4
Kd6 47. Kf3 Kc6 48. Rb3 b5 49. Rc3+ Kd5 50. Rd3+ Kc4 51. Ke4 b4 52. Rd8 Kc3 53.
Rc8+ Kb2 54. h4 b3 55. Rc6 Kb1 56. g5 hxg5 57. h5 b2 58. Rg6 Rc7 59. Rxg5 Ka1
0-1

[Event "Winnipeg op"]
[Site "Winnipeg CAN"]
[Date "2014.06.17"]
[Round "3.8"]
[White "Rutter, Blair"]
[Black "Babb, Jeff"]
[Result "0-1"]
[WhiteElo "1945"]
[BlackElo "2126"]
[PlyCount "94"]
[EventDate "2014.06.03"]
[EventType "swiss"]
[EventRounds "5"]
[EventCountry "CAN"]

1. c4 f5 2. g3 Nf6 3. Bg2 e6 4. Nc3 Be7 5. e3 O-O 6. d4 d6 7. b4 e5 8. Qb3 Kh8
9. Bb2 exd4 10. exd4 Nc6 11. Rd1 Qe8 12. Nge2 a6 13. f4 Ng4 14. Nd5 Bd8 15. h3
Nf6 16. Nxf6 Bxf6 17. d5 Nd8 18. Bxf6 Rxf6 19. Kf2 Bd7 20. Rd2 a5 21. b5 b6 22.
Re1 Qg8 23. Nd4 Nb7 24. Ne6 Rc8 25. Rde2 h6 26. Qc2 Qf7 27. Bf3 Qg6 28. Re3 Re8
29. Qe2 Rc8 30. Bh5 Qh7 31. Bf3 Qg8 32. Qc2 Be8 33. Nxc7 Bd7 34. Ne6 Bxb5 35.
Qb2 Bxc4 36. Qxb6 Nc5 37. Rd1 Nxe6 38. dxe6 Rxe6 39. Rxe6 Bxe6 40. Qxd6 Bxa2
41. Rd2 a4 42. g4 fxg4 43. hxg4 Bb3 44. g5 Qf8 45. Qe5 hxg5 46. Qxg5 Qc5+ 47.
Qxc5 Rxc5 0-1

[Event "Winnipeg op"]
[Site "Winnipeg CAN"]
[Date "2014.06.17"]
[Round "3.8"]
[White "Wasserman, Leor"]
[Black "Boron, Anthony"]
[Result "0-1"]
[WhiteElo "2084"]
[BlackElo "2023"]
[PlyCount "82"]
[EventDate "2014.06.03"]
[EventType "swiss"]
[EventRounds "5"]
[EventCountry "CAN"]

1. e4 c6 2. Nf3 d5 3. e5 Bf5 4. d4 e6 5. Bd3 Bxd3 6. Qxd3 Qa5+ 7. Bd2 Qa6 8.
Qe3 Ne7 9. Ng5 h6 10. Qh3 Nd7 11. Qh5 g6 12. Qh3 Bg7 13. Nf3 c5 14. c3 Rc8 15.
Ng1 Qb6 16. c4 cxd4 17. Nf3 Qxb2 18. O-O Qxa1 19. Na3 Qxa2 20. Nb5 Bxe5 21.
Nxe5 Nxe5 22. Nd6+ Kd7 23. Bb4 a5 24. Nxc8 Nxc8 25. Bc5 Qxc4 26. Qa3 Nd3 27.
Bf8 b6 28. Bg7 Rg8 29. Bf6 e5 30. h3 Re8 31. Rd1 e4 32. Qa1 e3 33. Rxd3 Qxd3
34. Qa4+ b5 35. Qa2 exf2+ 36. Kh2 f1=Q 37. Qxd5+ Nd6 38. Be5 Rxe5 39. Qxe5
Qxg2+ 40. Kxg2 Qe4+ 41. Qxe4 Nxe4 0-1

[Event "Winnipeg op"]
[Site "Winnipeg CAN"]
[Date "2014.06.24"]
[Round "4.8"]
[White "Atem, James"]
[Black "Czarny, Keith"]
[Result "1-0"]
[WhiteElo "1902"]
[BlackElo "1727"]
[PlyCount "69"]
[EventDate "2014.06.03"]
[EventType "swiss"]
[EventRounds "5"]
[EventCountry "CAN"]

1. e4 e6 2. d4 d5 3. e5 c5 4. c3 Nc6 5. Bb5 Bd7 6. a4 cxd4 7. cxd4 Bb4+ 8. Nc3
Nge7 9. Bg5 h6 10. Bh4 Qa5 11. Nge2 Nf5 12. Bg3 Qd8 13. Qd3 a6 14. Bxc6 Bxc6
15. O-O Rc8 16. Bf4 Be7 17. g3 O-O 18. Rab1 Bg5 19. Be3 Bxe3 20. fxe3 Qg5 21.
Rf4 h5 22. b4 Rc7 23. b5 axb5 24. Nxb5 Bxb5 25. Rxb5 Rfc8 26. e4 dxe4 27. Qxe4
Qe7 28. Rf3 Nh6 29. Rfb3 f5 30. Qf3 Qd8 31. Rxb7 Rc1+ 32. Nxc1 Rxc1+ 33. Kg2
Qxd4 34. Rb2 Ng4 35. R7b4 {and White won} 1-0

[Event "Winnipeg op"]
[Site "Winnipeg CAN"]
[Date "2014.06.24"]
[Round "4.8"]
[White "Baron, Gustav"]
[Black "Andraschko, Felix"]
[Result "0-1"]
[WhiteElo "1904"]
[BlackElo "2181"]
[PlyCount "128"]
[EventDate "2014.06.03"]
[EventType "swiss"]
[EventRounds "5"]
[EventCountry "CAN"]

1. d4 Nf6 2. c4 e6 3. Nc3 Bb4 4. Qc2 O-O 5. Bg5 c5 6. dxc5 Na6 7. a3 Bxc3+ 8.
Qxc3 Nxc5 9. f3 h6 10. Bh4 Re8 11. b4 Nfe4 12. Bxd8 Nxc3 13. bxc5 Rxd8 14. a4
d5 15. cxd6 Rxd6 16. e4 Bd7 17. a5 Be8 18. Ne2 Na4 19. Nc1 Nc5 20. Be2 Ra6 21.
Kf2 Rd8 22. Rd1 Rxd1 23. Bxd1 b6 24. Ke3 e5 25. Ne2 Nb7 26. Nc3 Rxa5 27. Rxa5
Nxa5 28. Kd3 Kf8 29. Nd5 Nb7 30. Kc3 Nc5 31. Bc2 Bc6 32. Nb4 Bd7 33. Nd5 Ke8
34. Bd1 Bc6 35. Ne3 Bd7 36. Nd5 Kd8 37. Bc2 Kc8 38. Bd1 Kb7 39. Bc2 Be6 40. Bd1
Kc6 41. Nb4+ Kd6 42. Nd5 Bd7 43. Bc2 Kc6 44. Nb4+ Kb7 45. g3 a5 46. Nd5 Ba4 47.
Ne3 Bxc2 48. Kxc2 Kc6 49. Kc3 Ne6 50. Nc2 Kc5 51. Ne1 f6 52. Nd3+ Kc6 53. h4
Nc5 54. Ne1 b5 55. cxb5+ Kxb5 56. Nc2 Ne6 57. Na3+ Kc5 58. Nc4 a4 59. Nb2 a3
60. Nd3+ Kb5 61. Kb3 Nc5+ 62. Nxc5 Kxc5 63. Kxa3 Kd4 64. Kb4 Ke3 0-1

[Event "Winnipeg op"]
[Site "Winnipeg CAN"]
[Date "2014.06.24"]
[Round "4.8"]
[White "Boron, Anthony"]
[Black "Babb, Jeff"]
[Result "0-1"]
[WhiteElo "2023"]
[BlackElo "2126"]
[PlyCount "80"]
[EventDate "2014.06.03"]
[EventType "swiss"]
[EventRounds "5"]
[EventCountry "CAN"]

1. Nf3 Nc6 2. d4 d5 3. g3 Bf5 4. c3 Qd7 5. Nbd2 Bh3 6. Bxh3 Qxh3 7. Qb3 O-O-O
8. a4 f6 9. a5 a6 10. Nf1 e5 11. Rg1 e4 12. N3d2 f5 13. e3 Nf6 14. Qa4 Ng4 15.
b4 Na7 16. c4 dxc4 17. Nxc4 Nxh2 18. Nxh2 Qxh2 19. Rf1 Qh5 20. Bd2 Nb5 21. Na3
Rd5 22. Rc1 Nxa3 23. Qxa3 Qe8 24. Rc4 Kb8 25. Qc3 Bd6 26. Rh1 h5 27. Qb3 c6 28.
Qd1 g5 29. Rc5 h4 30. Rxd5 cxd5 31. gxh4 gxh4 32. f4 Qb5 33. Qb3 h3 34. Kf2 Be7
35. Ke1 Rg8 36. Kd1 Rg2 37. Kc1 h2 38. Qd1 Bxb4 39. Bxb4 Qc4+ 40. Kb1 Qa2+ 0-1

[Event "Winnipeg op"]
[Site "Winnipeg CAN"]
[Date "2014.06.24"]
[Round "4.8"]
[White "Campbell, Jamie"]
[Black "Magyar, Peter"]
[Result "1-0"]
[WhiteElo "1806"]
[BlackElo "1578"]
[PlyCount "59"]
[EventDate "2014.06.03"]
[EventType "swiss"]
[EventRounds "5"]
[EventCountry "CAN"]

1. c4 c5 2. Nf3 Nf6 3. e3 d6 4. Be2 e6 5. O-O Be7 6. d4 O-O 7. Nc3 b6 8. d5 h6
9. Qc2 e5 10. h3 Na6 11. a3 Nc7 12. Rd1 Bd7 13. b4 a6 14. Bb2 Rb8 15. Ne4 Nce8
16. Nxe5 Nxe4 17. Nxd7 Qxd7 18. Qxe4 Nf6 19. Qc2 Rfe8 20. Bd3 Bd8 21. Re1 Rc8
22. Bf5 Qc7 23. Bxc8 Qxc8 24. e4 cxb4 25. axb4 b5 26. c5 Nh5 27. e5 Nf4 28.
exd6 Nxh3+ 29. gxh3 Rf8 30. Qd3 1-0

[Event "Winnipeg op"]
[Site "Winnipeg CAN"]
[Date "2014.06.24"]
[Round "4.8"]
[White "Evans, Jason"]
[Black "Keer, Keer"]
[Result "0-1"]
[WhiteElo "1474"]
[BlackElo "1472"]
[PlyCount "128"]
[EventDate "2014.06.03"]
[EventType "swiss"]
[EventRounds "5"]
[EventCountry "CAN"]

1. d4 Nf6 2. Nf3 d5 3. e3 g6 4. c4 Bg7 5. Nc3 O-O 6. cxd5 Nxd5 7. Bc4 Nxc3 8.
bxc3 Bg4 9. Ba3 Qd7 10. Rb1 Qc6 11. Bxe7 Qxc4 12. Bxf8 Qxc3+ 13. Qd2 Qxd2+ 14.
Kxd2 Bxf8 15. Rxb7 Bxf3 16. gxf3 Bd6 17. Rhb1 Nd7 18. h3 a5 19. e4 f6 20. Ke3
g5 21. Rg1 Nb6 22. e5 Re8 23. Ke4 h6 24. f4 Kf7 25. f5 fxe5 26. d5 Kf6 27. h4
Rc8 28. hxg5+ hxg5 29. Rh1 Rg8 30. Rh6+ Ke7 31. Rh7+ Ke8 32. Ra7 a4 33. f6 Kd8
34. Rg7 Rf8 35. f7 Kc8 36. Ra5 Kb7 37. Kf5 c5 38. dxc6+ Kxc6 39. Kxg5 Kd7 40.
Kf5 Ke7 41. Ra7+ Nd7 42. Kg6 a3 43. Ra4 Ke6 44. Rh4 Bc5 45. f3 Rb8 46. Rg8 Nf8+
47. Kg7 Be7 48. Rh6+ Kf5 49. Rc6 Kf4 50. Rc7 Ne6+ 51. Kh6 Bf8+ 52. Rxf8 Rxf8
53. Ra7 Kxf3 54. Rxa3+ Kf4 55. Kg6 e4 56. Ra4 Kf3 57. Kf6 Nd8 58. Ke7 Rxf7+ 59.
Kxd8 e3 60. Ra6 e2 61. Re6 Kf2 62. a4 e1=Q 63. Rxe1 Kxe1 64. a5 Ra7 0-1

[Event "Winnipeg op"]
[Site "Winnipeg CAN"]
[Date "2014.06.24"]
[Round "4.8"]
[White "Jenkins, Mark"]
[Black "Ma, Derek"]
[Result "0-1"]
[WhiteElo "1485"]
[BlackElo "1785"]
[PlyCount "54"]
[EventDate "2014.06.03"]
[EventType "swiss"]
[EventRounds "5"]
[EventCountry "CAN"]

1. d4 Nf6 2. c4 c5 3. dxc5 e6 4. Bg5 Bxc5 5. e3 Qa5+ 6. Qd2 Bb4 7. Nc3 Qxg5 8.
Nf3 Qa5 9. Bd3 Bxc3 10. bxc3 Nc6 11. O-O O-O 12. Rfd1 Qc7 13. Bc2 Na5 14. Qe2
Qxc4 15. Bd3 Qxc3 16. Rac1 Qb4 17. Bxh7+ Nxh7 18. Rd4 Qa3 19. Qc2 f5 20. Rh4 b6
21. g4 Bb7 22. g5 Rac8 23. g6 Qxc1+ 24. Qxc1 Rxc1+ 25. Kg2 Bxf3+ 26. Kxf3 Ng5+
27. Kg2 Rf6 0-1

[Event "Winnipeg op"]
[Site "Winnipeg CAN"]
[Date "2014.06.24"]
[Round "4.8"]
[White "Kernetsky, Myron"]
[Black "Lipnowski, Samuel"]
[Result "0-1"]
[WhiteElo "2015"]
[BlackElo "2217"]
[PlyCount "116"]
[EventDate "2014.06.03"]
[EventType "swiss"]
[EventRounds "5"]
[EventCountry "CAN"]

1. d4 Nf6 2. Nf3 g6 3. c4 Bg7 4. Nc3 d5 5. cxd5 Nxd5 6. Bd2 O-O 7. e4 Nb6 8.
Be3 Nc6 9. Be2 Bg4 10. e5 Nb4 11. O-O N4d5 12. Bd2 c6 13. Ne4 Nc7 14. Bc3 Ne6
15. h3 Bxf3 16. Bxf3 Nd5 17. Bg4 Nxc3 18. bxc3 Qd5 19. Bf3 Qa5 20. Qb3 Rab8 21.
Bg4 Nf4 22. Nc5 Rfd8 23. Rfc1 h5 24. Bf3 b6 25. Ne4 c5 26. Rd1 cxd4 27. cxd4
Ne6 28. Qe3 Rbc8 29. d5 Nc5 30. Ng5 Rf8 31. Qe2 Na4 32. Rd3 Qb4 33. Qe3 Bh6 34.
Rad1 b5 35. g3 h4 36. Rd4 Rc4 37. gxh4 Nc5 38. d6 exd6 39. exd6 Ne6 40. Re4
Rxe4 41. Qxe4 Qxe4 42. Nxe4 Rd8 43. d7 Kf8 44. Nd6 Rxd7 45. Nxb5 Re7 46. Kf1
Bg7 47. Rd5 a6 48. Nd6 Rc7 49. Ne4 Nf4 50. Rc5 Rb7 51. Rc8+ Ke7 52. Rc1 Rb2 53.
Re1 Kf8 54. Nd6 Bd4 55. Ne4 f5 56. Rd1 Bb6 57. Ng5 Rxf2+ 58. Ke1 Rxa2 0-1

[Event "Winnipeg op"]
[Site "Winnipeg CAN"]
[Date "2014.06.24"]
[Round "4.8"]
[White "Korenbaum, Max"]
[Black "Leaden, Bruce"]
[Result "0-1"]
[WhiteElo "1333"]
[BlackElo "1573"]
[PlyCount "58"]
[EventDate "2014.06.03"]
[EventType "swiss"]
[EventRounds "5"]
[EventCountry "CAN"]

1. e4 e6 2. d4 d5 3. Nc3 c5 4. Nf3 Nc6 5. Bb5 Bd7 6. Bxc6 Bxc6 7. Qd3 Nf6 8. e5
Ne4 9. Bd2 Nxd2 10. Qxd2 Qb6 11. b3 c4 12. O-O Be7 13. Rfb1 Qc7 14. a4 O-O 15.
Ne2 f6 16. bxc4 dxc4 17. Nf4 Bxf3 18. Nxe6 Qc6 19. Nxf8 Bd5 20. Nxh7 Kxh7 21.
Rb2 Rh8 22. c3 Bxg2 23. Rab1 b6 24. Rb5 Bh3 25. d5 Qb7 26. a5 fxe5 27. axb6 Qd7
28. bxa7 Qg4+ 29. Kh1 Qg2# 0-1

[Event "Winnipeg op"]
[Site "Winnipeg CAN"]
[Date "2014.06.24"]
[Round "4.8"]
[White "Ma, Derek"]
[Black "Remillard, John"]
[Result "1/2-1/2"]
[WhiteElo "1785"]
[BlackElo "1700"]
[PlyCount "51"]
[EventDate "2014.06.03"]
[EventType "swiss"]
[EventRounds "5"]
[EventCountry "CAN"]

1. e4 c5 2. Nf3 e6 3. d4 a6 4. c4 cxd4 5. Nxd4 Bc5 6. Be3 Qc7 7. Nc3 Ne7 8. Be2
Bb4 9. Qd2 Nbc6 10. O-O O-O 11. a3 Bd6 12. f4 Nxd4 13. Bxd4 e5 14. fxe5 Bxe5
15. h3 d6 16. Nd5 Nxd5 17. Bxe5 dxe5 18. cxd5 Bd7 19. Rac1 Qb6+ 20. Kh1 Rac8
21. d6 Rc6 22. Rxc6 Bxc6 23. d7 Rd8 24. Bg4 Bxe4 25. Qg5 f6 26. Qd2 1/2-1/2